Bandeiras dos Países e Estados soberanos na década de 1900 - Statistics

Estatísticas Gerais
  • Esse quiz foi jogado 30 vezes
  • A pontuação média é 42 de 91
Estatísticas das Respostas
Imagem Resposta % Correto
Chile
100%
Cuba
100%
Estados Unidos
100%
França
100%
Argentina
95%
Paraguai
95%
El Salvador
89%
Filipinas
89%
Haiti
89%
Luxemburgo
89%
Nicarágua
89%
Países Baixos
89%
Bélgica
84%
México
84%
Venezuela
84%
Equador
79%
Honduras
79%
Reino da Espanha
79%
Suíça
79%
Uruguai
79%
Austrália
74%
Brasil
74%
Colômbia
74%
Dinamarca
74%
Império Russo
74%
Japão
74%
Libéria
74%
Noruega
74%
Nova Zelândia
74%
Panamá
74%
Peru
74%
Reino da Sérvia
74%
Reino Unido
74%
Romênia
74%
Suécia
74%
Bulgária
68%
República Dominicana
68%
Guatemala
63%
Império Etíope
63%
San Marino
63%
Costa Rica
58%
Mônaco
58%
Reino da Itália
58%
Reino de Tonga
58%
Bolívia
53%
China
53%
Reino de Portugal
47%
Império Coreano
42%
Império Otomano
42%
Império Alemão
37%
Suazilândia
37%
Acre
32%
Áustria-Hungria
32%
Persia
32%
Canadá
26%
Liechtenstein
26%
Afeganistão
21%
Andorra
16%
Estado Livre de Orange
16%
Estado Livre do Congo
16%
Montenegro
16%
Reino da Grécia
16%
Terra Nova
16%
Marrocos, Muscat e Omã
11%
Raj Britânico
11%
Reino de Sião
11%
Reino Unido da Suécia e Noruega
11%
Alto Yafa
5%
Ancole
5%
Califado de Socoto
5%
Chan Santa Cruz
5%
Comuna de Strandzha
5%
Confederação de Aro
5%
Emirados de Dala
5%
Emirados de kano
5%
Emirados Ha'il, Jabal Xamar
5%
Império de Axânti
5%
Movimento do Darvixe
5%
Reino de Bali
5%
Reino de Busoga
5%
Reino de Champasak
5%
Reino de Patani
5%
República de Kruševo
5%
República de Tagalo
5%
República dos Negros
5%
Riad
5%
Sultanato de Achém
5%
Sultanato de Aussa, Setul Mambang
5%
Sultanato de Gowa
5%
Sultanato de Jor
5%
Transvaal
5%
Nenhum quiz correspondente encontrado
Distribuição das Pontuações
Porcentagem de Pessoas com Cada Pontuação
Percentil de Números Respondidos
Sua Pontuação Histórica
Você não jogou esse quiz